000 00556nam a2200229Ia 4500
003 0100
008 130303s9999 xx 000 0 und d
020 _a0415233984
040 _cARRUPELIB
050 _aB171.S52 2003
100 _aShields, Christopher
245 _aClassical philosophy
245 _ba contemporary introduction
260 _aLondon
260 _bRoutledge
260 _C2003
300 _a161p.
300 _b 23 cm
440 _aRoutledge contemporary introduction to philosophy
650 _bEthics
942 _2lcc
_02
999 _c61375
_d61375